000 00466nam a2200193 i 4500
001 bg
100 1 _aPIETER, Józef
245 0 _aJak poznawano psychikę /
_cJózef Pieter.
260 _aWarszawa :
_bWiedza Powszechna,
_c1963.
300 _a295 s. ;
_c20 cm.
490 1 _aSygnały
650 9 _aPsychologia
_xhistoria
830 _aSygnały
040 _cBPK
041 _apol
080 _a159.9
942 _cKS
008 s pl f |000 0 pol
999 _c6852
_d6852
856 _uhttp://koha.tu.koszalin.pl/cgi-bin/koha/opac-detail.pl?biblionumber=6852
_yKatalog online BPK